Vývojové tendencie v oblasti priamych zahraničných investícií
Charakteristika priamych zahraničných investícií. Dynamika vývoja priamych zahraničných investícií. Prevaha tokov PZI medzi priemyselne vyspelými krajinami. Vývoj v oblasti prílevu a odlevu PZI v krajinách V4.
Na minha lista:
| Autor principal: | |
|---|---|
| Formato: | Capítulo de Livro |
| Idioma: | eslovaco |
| Assuntos: | |
| Tags: |
Sem tags, seja o primeiro a adicionar uma tag!
|
MARC
| LEADER | 00000nla$a2200000$$$4500 | ||
|---|---|---|---|
| 001 | 0074272 | ||
| 005 | 20240502083211.9 | ||
| 041 | 0 | |a slo | |
| 044 | |a CZ | ||
| 245 | 1 | 0 | |a Vývojové tendencie v oblasti priamych zahraničných investícií |c Jana Fliegelová |
| 520 | |a Charakteristika priamych zahraničných investícií. Dynamika vývoja priamych zahraničných investícií. Prevaha tokov PZI medzi priemyselne vyspelými krajinami. Vývoj v oblasti prílevu a odlevu PZI v krajinách V4. | ||
| 610 | 2 | 0 | |a investície priame zahraničné |
| 610 | 2 | 0 | |a krajiny vyspelé |
| 610 | 2 | 0 | |a krajiny tranzitívne |
| 610 | 2 | 0 | |a SVE |
| 610 | 2 | 0 | |a Vyšehradská štvorka |
| 610 | 2 | 0 | |a krajiny rozvojové |
| 100 | 1 | |a Fliegová, Jana | |